000 00648nam a2200205Ia 4500
008 191130s2000##################000#0#eng##
020 _a9789058231024
040 _aACL
_cACL
082 _a331.481630994 ALS
100 _aAlston, Margaret
245 _aBreaking through the grass ceiling : women, power and leadership in agricultural organisations
_cMargaret Alston
260 _aAmsterdam
_bHarwood Academic Publishers
_cc2000
300 _avii, 280 p. ; 24 cm.
500 _aIncludes index
650 _aAustralia
650 _aWomen in agriculture
990 _a2114761fac10000c2507b0e95a8b2986
991 _a276817
999 _c119431
_d119431